Tīr-i nigāh / (Record no. 61061)
[ view plain ]
| 000 -LEADER | |
|---|---|
| fixed length control field | 00547nam a2200205 a 4500 |
| 001 - CONTROL NUMBER | |
| control field | sa 64008820 |
| 003 - CONTROL NUMBER IDENTIFIER | |
| control field | DLC |
| 005 - DATE AND TIME OF LATEST TRANSACTION | |
| control field | 20260227112057.0 |
| 008 - FIXED-LENGTH DATA ELEMENTS--GENERAL INFORMATION | |
| fixed length control field | 850401s1959 pk c 00010 urdo |
| 010 ## - LIBRARY OF CONGRESS CONTROL NUMBER | |
| LC control number | sa 64008820 //r85 |
| 050 0# - LIBRARY OF CONGRESS CALL NUMBER | |
| Classification number | PK2199.A8 |
| Item number | T5 |
| 100 10 - MAIN ENTRY--PERSONAL NAME | |
| Personal name | Aslam, Muhammad, |
| Dates associated with a name | 1885- |
| 245 10 - TITLE STATEMENT | |
| Title | Tīr-i nigāh / |
| Statement of responsibility, etc. | Em. Aslam. |
| 250 ## - EDITION STATEMENT | |
| Edition statement | [1. aiḍīshan]. |
| 260 0# - PUBLICATION, DISTRIBUTION, ETC. | |
| Place of publication, distribution, etc. | Lāhaur : |
| Name of publisher, distributor, etc. | Dar al-Balāg̲h̲, |
| Date of publication, distribution, etc. | [1959] |
| 300 ## - PHYSICAL DESCRIPTION | |
| Extent | 300 p. : |
| Other physical details | port. ; |
| Dimensions | 19 cm. |
| 500 ## - GENERAL NOTE | |
| General note | Novel. |
| 500 ## - GENERAL NOTE | |
| General note | In Urdu. |
| 500 ## - GENERAL NOTE | |
| General note | Text partially vocalized. |
No items available.